000 00338nam a2200121Ia 4500
008 220204s9999 xx 000 0 und d
082 _a062
_bSID
100 _aSiddall, James N
245 0 _aOptimal engineering design: Principles and applications
260 _aNew York
_bMarcel Dekker
_c1982
650 _aEngineering design
942 _cBK
999 _c38463
_d38463